000 01095nam0a22003011 4500
001 rc\172860
005 20250612170318.0
010 _a5-203-01418-3
_91000000
035 _a(NLR Aleph) 008741341
090 _a9533141
_c9533141
100 _a20030307d1991 |||y0rusy50 ca
101 0 _arus
102 _aRU
105 _ay |||||||||
200 1 _aЧерная сотня и красная сотня
_e[Правда о Союзе Русского народа]
210 _aМ.
_cВоениздат
_cВоен.-патриот. лит. об-ние "Отечество"
_d1991
215 _a48 с.
_d20
225 1 _aБиблиотечка КЛИО
333 _aУдалено из публичного доступа. Федеральный список № 4916
601 0 2 _a"Союз русского народа"
_2nlr_sh1
700 1 _aОстрецов
_bВ.М.
_gВиктор Митрофанович
801 0 _aRU
_bNLR
_gpsbo
801 1 _aRU
_bELAR
_2rusmarc
801 2 _aRU
_bNLR
_c20050517
_2rusmarc
852 _aNLR
_j95-4/1587
942 _cBOOK
980 _aNB